| Tag |
First Indicator |
Second Indicator |
Subfields |
| LEADER |
00000nam a22000003a 4500 |
| 001 |
in00005731194 |
| 003 |
OCoLC |
| 005 |
20231106114747.5 |
| 006 |
m |o d | |
| 007 |
cr |n||||||||| |
| 008 |
231106s2001 maua ob 001 0 eng d |
| 024 |
8 |
|
|a 90103847321
|
| 035 |
|
|
|a (OCoLC)741859687
|
| 040 |
|
|
|a NhCcYBP
|b eng
|e pn
|c NhCcYBP
|
| 020 |
|
|
|a 9780547347455 (electronic bk.)
|
| 020 |
|
|
|a 0547347456 (electronic bk.)
|
| 020 |
|
|
|z 0618040196
|
| 020 |
|
|
|z 9780618040193
|
| 020 |
|
|
|z 0618219196
|
| 020 |
|
|
|z 9780618219193
|
| 050 |
|
4 |
|a BF376
|b .S33 2001
|
| 060 |
|
4 |
|a 2001 G-182
|
| 060 |
|
4 |
|a WL 102
|b S291s 2001
|
| 082 |
0 |
4 |
|a 153.1/2
|2 21
|
| 084 |
|
|
|a 77.35
|2 bcl
|
| 100 |
1 |
|
|a Schacter, Daniel L.,
|e author.
|
| 245 |
1 |
4 |
|a The seven sins of memory :
|b how the mind forgets and remembers /
|c Daniel L. Schacter.
|
| 260 |
|
|
|a Boston :
|b Houghton Mifflin,
|c 2001.
|
| 300 |
|
|
|a 1 online resource (x, 272 pages) :
|b illustrations.
|
| 336 |
|
|
|a text
|b txt
|2 rdacontent
|
| 337 |
|
|
|a computer
|b c
|2 rdamedia
|
| 338 |
|
|
|a online resource
|b cr
|2 rdacarrier
|
| 504 |
|
|
|a Includes bibliographical references (pages 230-257) and index.
|
| 505 |
0 |
|
|a The sin of transience -- The sin of absent-mindedness -- The sin of blocking -- The sin of misattribution -- The sin of suggestibility -- The sin of bias -- The sin of persistence -- The seven sins: vices or attributes?
|
| 532 |
1 |
|
|3 EBSCOhost
|a "EBSCO evaluates our products based on the Web Content Accessibility Guidelines (WCAG) and the related Section 508 and EN 301 549 regulations in the US and EU. Most EBSCO products are substantially conformant with WCAG 2.2 level AA." Source: https://connect.ebsco.com/s/article/EBSCO-VPATs?language=en_US. Last accessed April 22, 2025.
|
| 588 |
|
|
|a Description based on print version record.
|
| 650 |
|
0 |
|a Memory disorders.
|
| 650 |
|
0 |
|a Memory.
|
| 650 |
|
0 |
|a Recollection (Psychology)
|
| 650 |
|
1 |
|a Memory.
|
| 650 |
|
1 |
|a Memory.
|x physiology.
|
| 650 |
1 |
2 |
|a Memory
|x physiology
|
| 650 |
2 |
2 |
|a Memory Disorders
|
| 650 |
|
2 |
|a Mental Recall
|
| 650 |
|
2 |
|a Memory
|
| 650 |
|
6 |
|a Troubles de la mémoire.
|
| 650 |
|
6 |
|a Mémoire.
|
| 650 |
|
6 |
|a Rappel (Psychologie)
|
| 650 |
|
7 |
|a Memory.
|2 fast
|0 (OCoLC)fst01015913
|
| 650 |
|
7 |
|a Memory disorders.
|2 fast
|0 (OCoLC)fst01015948
|
| 650 |
|
7 |
|a Recollection (Psychology)
|2 fast
|0 (OCoLC)fst01091460
|
| 650 |
|
7 |
|a Erinnerung
|2 gnd
|
| 650 |
|
7 |
|a Gedächtnis
|2 gnd
|
| 650 |
|
7 |
|a Gedächtnisstörung
|2 gnd
|
| 650 |
|
7 |
|a Vergessen
|2 gnd
|
| 650 |
1 |
7 |
|a Geheugen.
|2 gtt
|
| 650 |
1 |
7 |
|a Geheugenstoornissen.
|2 gtt
|
| 655 |
|
7 |
|a Electronic books.
|2 local
|
| 710 |
2 |
|
|a EBSCOhost
|
| 776 |
1 |
8 |
|i Online version:
|a Schacter, Daniel L.
|t Seven sins of memory.
|d Boston : Houghton Mifflin, 2001
|w (OCoLC)741859687
|
| 776 |
1 |
8 |
|c Original
|z 0618040196
|z 9780618040193
|z 0618219196
|z 9780618219193
|w (DLC) 00053885
|w (OCoLC)45209152
|
| 856 |
4 |
0 |
|u http://proxy.library.tamu.edu/login?url=https://search.ebscohost.com/login.aspx?direct=true&scope=site&db=nlebk&db=nlabk&AN=1823852
|z Connect to the full text of this electronic book
|t 0
|
| 945 |
|
|
|b 679309
|
| 955 |
|
|
|a YBP purchased EBSCO DDA e-records
|
| 980 |
|
|
|b ebook
|c 90103847321
|f UPGRADE
|g 565702
|k USD
|m 15.84
|q 1
|s AcqMono Conventional
|t Demand driven acquisitions (DDA)
|u Vendor order reference number
|v ZYBP
|y PDA
|z Electronic resource
|
| 999 |
f |
f |
|i ff515421-ce22-48c1-8993-fc0dbc21b78e
|s 7ce440fe-73dd-43f2-a980-40920181406e
|t 0
|
| 952 |
f |
f |
|a Texas A&M University
|b College Station
|c Electronic Resources
|s www_evans
|d Available Online
|t 0
|e BF376 .S33 2001
|h Library of Congress classification
|
| 998 |
f |
f |
|a BF376 .S33 2001
|t 0
|l Available Online
|